Élément Chimique selon son Symbole (Click Quiz) - Statistiques

Statistiques générales
  • Ce quiz a été pris 123 fois
  • Le résultat moyen est 72 sur 118
Statistiques - réponses
Hint Réponse % Correct
Calcium Ca
79%
Chlore Cl
79%
Germanium Ge
79%
Krypton Kr
79%
Lithium Li
79%
Plomb Pb
79%
Polonium Po
79%
Berkélium Bk
76%
Gallium Ga
76%
Magnésium Mg
76%
Oganesson Og
76%
Sélénium Se
76%
Uranium U
76%
Zirconium Zr
76%
Actinium Ac
74%
Brome Br
74%
Cuivre Cu
74%
Fer Fe
74%
Hélium He
74%
Lanthane La
74%
Lutécium Lu
74%
Néon Ne
74%
Silicium Si
74%
Titane Ti
74%
Yttrium Y
74%
Aluminium Al
71%
Américium Am
71%
Bore B
71%
Béryllium Be
71%
Bohrium Bh
71%
Carbone C
71%
Cobalt Co
71%
Chrome Cr
71%
Europium Eu
71%
Holmium Ho
71%
Iode I
71%
Indium In
71%
Iridium Ir
71%
Nickel Ni
71%
Oxygène O
71%
Thorium Th
71%
Vanadium V
71%
Xénon Xe
71%
Zinc Zn
71%
Argent Ag
69%
Einsteinium Es
69%
Francium Fr
69%
Hydrogène H
69%
Hafnium Hf
69%
Hassium Hs
69%
Osmium Os
69%
Platine Pt
69%
Radium Ra
69%
Scandium Sc
69%
Argon Ar
67%
Baryum Ba
67%
Bismuth Bi
67%
Cérium Ce
67%
Dubnium Db
67%
Darmstadtium Ds
67%
Erbium Er
67%
Mendélévium Md
67%
Molybdène Mo
67%
Azote N
67%
Sodium Na
67%
Soufre S
67%
Cadmium Cd
64%
Flérovium Fl
64%
Potassium K
64%
Manganèse Mn
64%
Phosphore P
64%
Tantale Ta
64%
Ytterbium Yb
64%
Or Au
62%
Dysprosium Dy
62%
Fluor F
60%
Meitnérium Mt
60%
Rhodium Rh
60%
Ruthénium Ru
60%
Strontium Sr
60%
Tennesse Ts
60%
Arsenic As
57%
Fermium Fm
57%
Samarium Sm
57%
Tellure Te
57%
Gadolinium Gd
55%
Nihonium Nh
52%
Praséodyme Pr
52%
Néodyme Nd
50%
Roentgenium Rg
50%
Technétium Tc
50%
Neptunium Np
48%
Césium Cs
45%
Mercure Hg
45%
Terbium Tb
45%
Tungstène W
45%
Livermorium Lv
43%
Niobium Nb
43%
Astate At
40%
Plutonium Pu
40%
Rubidium Rb
40%
Californium Cf
38%
Curium Cm
38%
Nobélium No
38%
Étain Sn
38%
Moscovium Mc
36%
Copernicium Cn
33%
Lawrencium Lr
33%
Palladium Pd
33%
Prométhium Pm
33%
Rutherfordium Rf
33%
Radon Rn
31%
Thulium Tm
29%
Antimoine Sb
26%
Seaborgium Sg
26%
Protactinium Pa
21%
Thallium Tl
21%
Rhénium Re
17%
Aucun quiz correspondant
Distribution des résultats
% des personnes avec chaque résultat
Percentile par nombre de réponses
Votre historique - résultats
Vous n’avez pas pris ce quiz